000 00679cam5a220016900 4500
001 tmp15884354
003 UPRA
005 20190816094749.0
008 951108s1989 za eng u
035 _a(Sirsi) r38975
035 _a(UPRA)tmp15884354
040 _cUPRA
245 0 0 _aRecent progress in food legume research and improvement in Zambia :
_bproceedings of the national workshop on food legume research and improvement in Zambia, 9-11 March, 1988, Mfuwe, Eastern Provence, Zambia /
_ceditors Joyce M. Mulila, J. Kannalyan, S. Sitha Nantham.
260 _aChipata :
_bMinistry of Agriculture,
_c1989.
949 _a(O2)1989/10
_wlcc
_mMAIN
_tBOOK
_lON-SHELF
004 38975
999 _c83517
_d83517